00403nam a2200121Ia 4500003000400000005001700004008004100021040002900062050002600091100001900117245011100136260003400247OSt20241009150935.0230222s9999||||xx |||||||||||||| ||und|| cChuka University Library aTHE HG 3766bM83 2016 aMwaniki,Mutegi 0aEffect of corporate governance on financial distress of firms listed at Nairobi securities exchange, Kenya aChukabChuka Universityc2016